Random Knowledge Quiz #78 - Statistics

General Stats
  • This quiz has been taken 116 times
  • The average score is 8 of 15
Answer Stats
Question Answer % Correct
According to stories, myth, and folklore, what animal are elephants afraid of? Mice
96%
Which car brand's logo is four linked rings? Audi
89%
Fill in the blank of this country: United Arab _______ Emirates
88%
What was the name of the sword that King Arthur pulled free of the stone? Excalibur
77%
Barn, Burrowing, and Great Horned are all species of what bird? Owl
69%
Whose talk show was briefly suspended in September 2025 due to his comments about Charlie Kirk? Jimmy Kimmel
67%
Which university was used to represent parts of Hogwarts in the Harry Potter movies? The University of Oxford
65%
Finish these lyrics: We're goin' up, up, up, it's our moment / You know together we're glowing / Gonna be, gonna be _______ Golden
39%
Which holiday are these desserts mostly associated with: Pascha, Tsoureki, Hot Cross Buns and Mämmi. Easter
37%
Name one of Barbara Gordon's two main alter egos in the Batman/DC universe. Batgirl and Oracle
34%
What was the last name of Colin Firth's character in both Pride and Prejudice and Bridget Jones? Darcy
32%
In which city was the Titanic built? Belfast
30%
What is a witch's animal companion often called? Familiar
26%
In which country can you find a town called Useless Loop? Australia
22%
What is the main "Long neck" dinosaur called in the Land Before Time? Littlefoot
16%
No matching quizzes found
Score Distribution
Percent of People with Each Score
Percentile by Number Answered
Your Score History
You have not taken this quiz